| 000 | 00431nam a2200145 a 4500 | ||
|---|---|---|---|
| 001 | 5042 | ||
| 003 | CDMR | ||
| 005 | 20260515062530.0 | ||
| 008 | 130130s2000||||||||||||||||||||||||||||d | ||
| 040 |
_aCDMR _bcat _cCPC LLEIDA |
||
| 110 | 2 |
_aReporters Sans Frontières _91923 |
|
| 245 | 3 | _aLa libertad de prensa en la comunidad iberoamericana y en el resto del mundo | |
| 260 |
_aParis _c2000 _bReportiers sans frontières |
||
| 942 |
_cMON _2ddc |
||
| 999 |
_c5042 _d5042 |
||